| 000 | 00688nam a2200217 a 4500 | ||
|---|---|---|---|
| 005 | 20240228063847.0 | ||
| 008 | 031021s1999 mx r 000 0 spa d | ||
| 020 | _a9681660218 | ||
| 035 | _aUPN01000130300 | ||
| 049 | _aI | ||
| 050 | 4 |
_aPZ71 _bM3.3 |
|
| 100 | 1 |
_aMcKee, David, _d1935- _929650 |
|
| 245 | 1 | 3 |
_aEl cochinito de Carlota / _cDavid McKee ; tr. Diana Luz Sánchez. |
| 260 |
_aMéxico : _bFCE, _c1999. |
||
| 300 |
_a[24] p. : _bprincipalmente il. col. |
||
| 440 | 4 | _aLos especiales de a la orilla del viento | |
| 534 |
_pTraducción de: _tCharlotte´s Piggy Bank |
||
| 650 | 4 |
_aCuentos infantiles _96744 |
|
| 650 | 4 |
_aLibros y lectura para niños _92290 |
|
| 905 | _aInfantil | ||
| 999 |
_c102457 _d102457 |
||